Garrett County, Maryland Quiz - Statistics

General Stats
  • This quiz has been taken 20 times
  • The average score is 11 of 17
Answer Stats
Hint Answer % Correct
Bordering County of Maryland to the East Allegany County
100%
County Seat Oakland
100%
Bordering State to the North Pennsylvania
100%
Bordering State to the West and South West Virginia
100%
Mountain Range that runs through the county Appalachian Mountains
92%
Largest Lake by Surface Area Deep Creek Lake
77%
US Interstate that runs through the North part of the county I-68
69%
River that forms the Southern Border Potomac River
69%
Year Founded 1872
62%
State Park in which those falls are in Swallow Falls State Park
62%
Most Populous Town Mountain Lake Park
54%
Media Market in which Garrett County is located Pittsburgh Media Market
54%
River on which that State Park and the falls are located on Youghiogheny River
54%
Highest Mountain Backbone Mountain
46%
Population Rounded to the Nearest Thousand 30,000
38%
Namesake John Garrett
31%
Highest Waterfall Muddy Creek Falls
31%
No matching quizzes found
Score Distribution
Percent of People with Each Score
Percentile by Number Answered
Your Score History
You have not taken this quiz